|
|
|
|
| LEADER |
00000naa2a2200000 4500 |
| 001 |
259224 |
| 005 |
20231031220600.0 |
| 035 |
|
|
|a (RuTPU)RU\TPU\book\282140
|
| 035 |
|
|
|a RU\TPU\book\282136
|
| 090 |
|
|
|a 259224
|
| 100 |
|
|
|a 20140506d1988 k y0rusy50 ca
|
| 101 |
0 |
|
|a rus
|
| 102 |
|
|
|a RU
|
| 200 |
1 |
|
|a Поведение канала пробоя и неоднородностей в полимерных диэлектриках при длительном приложении импульсного напряжения
|f В. Ф. Важов, В. А. Сурнин
|
| 320 |
|
|
|a Библиогр.: с. 75-76 (7 назв.)
|
| 463 |
|
1 |
|0 (RuTPU)RU\TPU\book\238990
|t Изоляция высоковольтных электрофизических установок
|o межвузовский научно-технический сборник
|f Томский политехнический институт (ТПИ) ; под ред. В. Я. Ушакова
|v С. 69-76
|d 1988
|p 179 с.
|
| 610 |
1 |
|
|a труды учёных ТПУ
|
| 700 |
|
1 |
|a Важов
|b В. Ф.
|c специалист в области энергетики
|c доцент Томского политехнического университета, кандидат технических наук
|f 1939-
|g Владислав Фёдорович
|2 stltpush
|3 (RuTPU)RU\TPU\pers\26506
|
| 701 |
|
1 |
|a Сурнин
|b В. А.
|
| 801 |
|
1 |
|a RU
|b 63413507
|c 20120516
|
| 801 |
|
2 |
|a RU
|b 63413507
|c 20140506
|g RCR
|
| 942 |
|
|
|c BK
|